| 000 | 00437nam a22001937a 4500 | ||
|---|---|---|---|
| 999 |
_c11675 _d11675 |
||
| 003 | OSt | ||
| 008 | 230109b ||||| |||| 00| 0 eng d | ||
| 020 | _a9789332536667 | ||
| 082 | _a339 OSM | ||
| 100 | _aOSULLIVAN,Arthur | ||
| 245 | _aMicroeconomics | ||
| 250 | _a8th Ed | ||
| 260 |
_aUP _bPearson _c2015 |
||
| 300 | _a429 | ||
| 650 | _aMicroeconomics | ||
| 700 | _aSHEFFRIN,Steven | ||
| 700 | _aPEREZ,Stephen | ||
| 942 |
_2ddc _cREF |
||